[Event "Druzynowe Mistrzostwa Polski - II liga"]
[Site "Sypniewo k. Jastrowia"]
[Date "1899-12-30"]
[Round "8.68"]
[White "Bes, Michal"]
[Black "Panek, Bartosz"]
[Result "1/2-1/2"]
[WhiteTitle "k"]
[BlackTitle "I++"]
[WhiteElo "2130"]
[BlackElo "2082"]

1. d4 Nf6 2. c4 g6 3. Nc3 d5 4. cxd5 Nxd5 5. e4 Nxc3 6. bxc3 Bg7 7. Nf3 c5 8. Rb1
Nc6 9. d5 Ne5 10. Nxe5 Bxe5 11. Qd2 Qa5 12. Bb5+ Kf8 13. Rb3 a6 14. Be2 b5 15.
f4 Bg7 16. e5 c4 17. Rb4 Bf5 18. O-O Rd8 19. Bf3 h6 20. a4 Bd3 21. Rf2 Kg8 22.
axb5 axb5 23. Qb2 Rb8 24. Be3 Kh7 25. Be2 Be4 26. Bxc4 bxc4 27. Rxb8 Rxb8 28.
Qxb8 Qxc3 29. Qa7 Qe1+ 30. Rf1 Qe2 31. Bf2 Qg4 32. Bg3 Bxd5 1/2-1/2

[Event "Druzynowe Mistrzostwa Polski - II liga"]
[Site "Sypniewo k. Jastrowia"]
[Date "1899-12-30"]
[Round "8.70"]
[White "Bienias, Piotr"]
[Black "Samborski, Henryk"]
[Result "1-0"]
[WhiteTitle "I++"]
[BlackTitle "k"]
[WhiteElo "1898"]
[BlackElo "2052"]

1. d4 Nf6 2. c4 e6 3. Nc3 Bb4 4. Qc2 c5 5. Nf3 Nc6 6. e3 O-O 7. Be2 d5 8. cxd5
Nxd5 9. a3 cxd4 10. exd4 Nxc3 11. bxc3 Be7 12. Bd3 g6 13. h4 e5 14. h5 g5 15.
Bxh7+ Kh8 16. Nxe5 Nxe5 17. dxe5 Qc7 18. O-O Qxe5 19. Be3 Bc5 20. Rfe1 Bxe3 21.
Rxe3 Qg7 22. Bf5 b6 23. Rae1 Qf6 24. Rf3 Qd6 25. Qc1 Bxf5 26. Rxf5 f6 27. Rd1
Qe6 28. Rfd5 Qg4 29. Qc2 Qxh5 30. R1d3 Kg8 31. Rh3 Qf7 32. Rh6 Rad8 33. Rxd8 Rxd8
34. Qf5 Rd6 35. Qc8+ 1-0

[Event "Druzynowe Mistrzostwa Polski - II liga"]
[Site "Sypniewo k. Jastrowia"]
[Date "1899-12-30"]
[Round "8.71"]
[White "Lamza, Zenon"]
[Black "Kowalczyk, Wojciech"]
[Result "1-0"]
[WhiteTitle "k"]
[BlackTitle "I"]
[WhiteElo "2178"]
[BlackElo "1893"]

1. d4 Nf6 2. Nf3 g6 3. Bg5 Bg7 4. Nbd2 c5 5. c3 cxd4 6. cxd4 Nc6 7. e3 d6 8. Bd3
O-O 9. O-O Bd7 10. a3 Rc8 11. Rc1 a6 12. Qe2 h6 13. Bh4 Nd5 14. Rfd1 b5 15. Bg3
Nb6 16. b3 Rc7 17. Rc2 Qb8 18. Rdc1 Rfc8 19. Ne4 Na5 20. Ned2 Rxc2 21. Rxc2 Rxc2
22. Bxc2 Qc8 23. Nb1 Nd5 24. Qd2 Nc6 25. h3 b4 26. e4 bxa3 27. Nxa3 Ndb4 28. Bb1
Qb7 29. Bf4 Kh7 30. Be3 Na7 31. Nc4 Nbc6 32. d5 Nd8 33. Bc2 Nb5 34. Qa5 Qb8 35.
Qxa6 Nc7 36. Qb6 Qc8 37. Qa7 Na6 38. Bb1 Nc5 39. Nb6 Qb7 40. Qxb7 Ndxb7 41. b4
1-0

[Event "Druzynowe Mistrzostwa Polski - II liga"]
[Site "Sypniewo k. Jastrowia"]
[Date "1899-12-30"]
[Round "8.72"]
[White "Smietanska, Wiktoria"]
[Black "Bugaj, Hanna"]
[Result "1/2-1/2"]
[WhiteTitle "CM"]
[BlackTitle "I++"]
[WhiteElo "1726"]
[BlackElo "1755"]

1. d4 d5 2. Bf4 Nf6 3. e3 c5 4. c3 Nc6 5. Nd2 e6 6. Ngf3 cxd4 7. exd4 Nh5 8. Bg5
f6 9. Be3 Bd6 10. g3 O-O 11. Bg2 f5 12. Nh4 Nf6 13. f4 Ne4 14. Nhf3 b6 15. Bf1
a5 16. Bb5 Na7 17. Bd3 b5 18. Qe2 Qb6 19. O-O Rb8 20. Kg2 Nc6 21. Rac1 a4 22.
Rfd1 Na5 23. Ne5 Nc4 24. b3 Nb2 25. Re1 Nxd3 26. Qxd3 axb3 27. axb3 Ra8 28. c4
bxc4 29. bxc4 Ra3 30. Qe2 Qa5 31. Nxe4 fxe4 32. Bd2 Qa4 33. Qd1 Qa7 34. c5 Bxe5
35. dxe5 Ba6 36. Be3 Bc4 37. Ra1 Rb8 38. Qd4 Ra2+ 39. Kg1 Qa3 40. Reb1 Rb3 41.
c6 Rxe3 42. Rxa2 Qxa2 43. Ra1 Qb3 44. c7 Rxg3+ 45. hxg3 Qxg3+ 46. Kh1 Qh3+ 47.
Kg1 Qg3+ 48. Kh1 1/2-1/2

[Event "Druzynowe Mistrzostwa Polski - II liga"]
[Site "Sypniewo k. Jastrowia"]
[Date "1899-12-30"]
[Round "8.73"]
[White "Simon, Marek"]
[Black "Golenia, Jan"]
[Result "0-1"]
[WhiteTitle "I+"]
[BlackTitle "I++"]
[WhiteElo "1849"]
[BlackElo "2122"]

1. e4 e5 2. Nf3 Nc6 3. Nc3 Nf6 4. d4 exd4 5. Nxd4 Bc5 6. Be3 Bb6 7. f3 O-O 8. Qd2
d5 9. exd5 Nxd5 10. Bg5 Qe8+ 11. Nde2 Nxc3 12. Qxc3 Ba5 0-1

[Event "Druzynowe Mistrzostwa Polski - II liga"]
[Site "Sypniewo k. Jastrowia"]
[Date "1899-12-30"]
[Round "8.74"]
[White "Golenia, Wojciech"]
[Black "Janicki, Rafal"]
[Result "1-0"]
[WhiteTitle "k"]
[BlackTitle "I+"]
[WhiteElo "2049"]
[BlackElo "1819"]

1. c4 e5 2. Nc3 Nf6 3. g3 d5 4. cxd5 Nxd5 5. Bg2 Nb6 6. e3 Be7 7. Nge2 O-O 8. O-O
Nc6 9. f4 exf4 10. Nxf4 Ne5 11. Qc2 c6 12. b3 a5 13. d4 Ng6 14. Bd2 Re8 15. Rae1
Bb4 16. Nd3 Bf8 17. Rf2 Nd5 18. Ne4 Bg4 19. Nec5 Qc8 20. e4 Nc7 21. Ref1 f6 22.
e5 fxe5 23. dxe5 Nd5 24. Qc4 Rd8 25. Nxb7 Qxb7 26. Qxg4 Be7 27. Be4 Nf8 28. Bh6
g6 29. Bxf8 Bxf8 30. Qe6+ Kh8 31. Rf7 Qb6+ 32. Kh1 Bg7 33. Rxg7 Kxg7 34. Rf7+
Kh8 35. Rxh7+ 1-0

[Event "Druzynowe Mistrzostwa Polski - II liga"]
[Site "Sypniewo k. Jastrowia"]
[Date "1899-12-30"]
[Round "8.75"]
[White "Wlodarczak, Damian"]
[Black "Krawczyk, Wojciech"]
[Result "0-1"]
[WhiteTitle "I"]
[BlackTitle "I++"]
[WhiteElo "1820"]
[BlackElo "2049"]

1. e4 c6 2. d4 g6 3. f4 h5 4. Nf3 d5 5. Nc3 Bg4 6. Be3 e6 7. h3 Bxf3 8. Qxf3 Bb4
9. exd5 Qxd5 10. Qxd5 cxd5 11. a3 Bxc3+ 12. bxc3 Nc6 13. Rb1 Na5 14. Bb5+ Ke7
15. c4 a6 16. Ba4 Nxc4 17. Rxb7+ Kf6 18. Bf2 h4 19. O-O Ne7 20. Rfb1 Nxa3 21.
R1b4 a5 22. Rb3 Nc4 23. Rd7 Nf5 24. Rbb7 Ncd6 25. Ra7 Rxa7 26. Rxa7 Rb8 27. Bb3
Nb5 28. Rxa5 Nbxd4 29. Bxd4+ Nxd4 30. Ba4 Ne2+ 31. Kf2 Nxf4 32. Ra7 Nh5 33. Kf3
Rb4 34. Be8 Rf4+ 35. Ke3 Kg7 36. Bd7 Rf6 37. Ra4 g5 38. Bb5 Nf4 39. Kf3 Kh6 40.
Ra8 Nxh3+ 41. Ke3 Nf4 42. Kd4 Kg7 43. Bf1 Ng6 44. Ra1 Rf4+ 45. Ke3 Ne5 46. c3
Ng4+ 47. Kd3 Rf2 48. Be2 Ne5+ 49. Ke3 Rxg2 50. Bh5 Rg3+ 51. Kd4 Ng6 52. Ra7 h3
53. Ra1 0-1

[Event "Druzynowe Mistrzostwa Polski - II liga"]
[Site "Sypniewo k. Jastrowia"]
[Date "1899-12-30"]
[Round "8.76"]
[White "Gawor, Jan Pawel"]
[Black "Lisiecki, Robert"]
[Result "1-0"]
[WhiteTitle "I+"]
[BlackTitle "I"]
[WhiteElo "1890"]
[BlackElo "1775"]

1. e4 c5 2. d4 cxd4 3. c3 d3 4. c4 Nc6 5. Bxd3 e5 6. Nf3 Bc5 7. Nc3 d6 8. h3 Nf6
9. a3 a5 10. O-O Be6 11. Qe2 O-O 12. Be3 Nd7 13. Rad1 Bxe3 14. fxe3 Nc5 15. Bc2
Qe7 16. Nd5 Bxd5 17. exd5 Nb8 18. b4 Nca6 19. Qd2 axb4 20. axb4 Nd7 21. c5 Rac8
22. c6 bxc6 23. dxc6 Nb6 24. Qd3 e4 25. Qxa6 exf3 26. Qxb6 fxg2 27. Rf2 Qh4 28.
Rxg2 Qc4 29. Qd4 Qxd4 30. Rxd4 Rxc6 31. Rgd2 Rb8 32. Rxd6 Rxd6 33. Rxd6 g6 34.
Rd4 Kg7 35. Bd3 h5 36. b5 Kf6 37. Rb4 Rb6 38. Rc4 Ke5 39. Rc6 Rb7 40. Kf2 g5 41.
Rc5+ Kf6 42. Rf5+ Kg6 43. b6 f6 44. Rc5+ Kh6 45. Rc7 Rxb6 46. Rh7# 1-0

[Event "Druzynowe Mistrzostwa Polski - II liga"]
[Site "Sypniewo k. Jastrowia"]
[Date "1899-12-30"]
[Round "8.77"]
[White "Kozlowski, Tomasz"]
[Black "Wrona, Florian"]
[Result "1-0"]
[WhiteTitle "I++"]
[BlackTitle "I+"]
[WhiteElo "1775"]
[BlackElo "1581"]

1. e4 c5 2. Nf3 d6 3. Bb5+ Bd7 4. a4 Nf6 5. Qe2 g6 6. c3 a6 7. Bc4 Bg7 8. d4 cxd4
9. cxd4 Nc6 10. Nc3 Bg4 11. Be3 e5 12. dxe5 Nxe5 13. Bd5 Nxd5 14. Nxd5 O-O 15.
Bb6 Qd7 16. Nxe5 dxe5 17. f3 Be6 18. Bc5 Bxd5 19. Bxf8 Bxf8 20. Rd1 Qxa4 21. Rxd5
Qa1+ 22. Rd1 Qa5+ 23. Kf2 Bc5+ 24. Kg3 Bd4 25. h4 Qd8 26. Kh3 Qf6 27. g4 Qf4 28.
Kg2 Rc8 29. h5 Kg7 30. hxg6 hxg6 31. Rd2 b5 32. Qd1 Rc4 33. b3 Rc3 34. Rxd4 exd4
35. Qxd4+ 1-0

[Event "Druzynowe Mistrzostwa Polski - II liga"]
[Site "Sypniewo k. Jastrowia"]
[Date "1899-12-30"]
[Round "8.78"]
[White "Czarnecka, Lidia"]
[Black "Stochnialek, Dominika"]
[Result "1-0"]
[WhiteTitle "k"]
[BlackTitle "I++"]
[WhiteElo "1889"]
[BlackElo "1706"]

1. e4 e6 2. d4 d5 3. e5 c5 4. c3 Nc6 5. Nf3 Bd7 6. Na3 cxd4 7. cxd4 Nge7 8. Nc2
Nf5 9. Be2 Be7 10. O-O O-O 11. Bd3 Nh4 12. Nxh4 Bxh4 13. Qh5 g6 14. Qh6 Be7 15.
Re1 Re8 16. Bd2 Bf8 17. Qf4 Bg7 18. h4 f6 19. Qg3 fxe5 20. dxe5 Rf8 21. h5 gxh5
22. Bg5 Qe8 23. Re3 Kh8 24. Rae1 a6 25. Qh2 Qf7 26. Rf3 Qg8 27. Rg3 Qf7 28. Rf3
Qg8 29. Rh3 Be8 30. g4 Rc8 31. Kh1 Nxe5 32. Rxe5 Bxe5 33. Qxe5+ Qg7 34. Bf4 Qxe5
35. Bxe5+ Kg8 36. Kg2 Bg6 37. Bxg6 hxg6 38. Nd4 Kf7 39. gxh5 gxh5 40. Rxh5 Rg8+
41. Kf3 Kg6 42. Rh1 a5 43. Ke3 a4 44. a3 Rc4 45. Kd3 Rf8 46. Rg1+ Kh5 47. f4 Rfc8
48. Nxe6 Re4 49. Ng7+ Kh4 50. Nf5+ Kh3 51. Nd6 1-0

[Event "Druzynowe Mistrzostwa Polski - II liga"]
[Site "Sypniewo k. Jastrowia"]
[Date "1899-12-30"]
[Round "8.79"]
[White "Balinski, Damian"]
[Black "Izbinski, Bartlomiej"]
[Result "1/2-1/2"]
[WhiteTitle "k"]
[BlackTitle "m"]
[WhiteElo "2193"]
[BlackElo "2270"]

1. d4 d5 2. c4 e6 3. Nc3 Nf6 4. Bg5 Nbd7 5. Nf3 Be7 6. e3 O-O 7. Rc1 Re8 8. Bd3
dxc4 9. Bxc4 a6 10. a4 c5 11. O-O Nb6 12. Bb3 cxd4 13. exd4 Bd7 14. Ne5 Bc6 15.
Nxc6 bxc6 16. Bf4 Nbd5 17. Be5 1/2-1/2

[Event "Druzynowe Mistrzostwa Polski - II liga"]
[Site "Sypniewo k. Jastrowia"]
[Date "1899-12-30"]
[Round "8.80"]
[White "Kowalak, Piotr"]
[Black "Kossobudzki, Robert"]
[Result "0-1"]
[WhiteTitle "k"]
[BlackTitle "I"]
[WhiteElo "2096"]
[BlackElo "2052"]

1. e4 a6 2. d4 b5 3. Bd3 e6 4. Nf3 Bb7 5. O-O Nf6 6. Qe2 Be7 7. c3 d5 8. e5 Nfd7
9. Bd2 c5 10. a4 b4 11. cxb4 cxb4 12. Be3 a5 13. Nbd2 O-O 14. Rfc1 Ba6 15. Nb3
Bxd3 16. Qxd3 h6 17. h3 Nb6 18. Nfd2 Qd7 19. Nc5 Bxc5 20. dxc5 Nc8 21. Nf3 Nc6
22. Bd4 N8e7 23. Re1 Rac8 24. g4 Ng6 25. Qd2 Qe7 26. Rac1 Nh4 27. Nxh4 Qxh4 28.
Kg2 Rc7 29. Rc2 h5 30. f3 Nxd4 31. Qxd4 Qxe1 0-1

[Event "Druzynowe Mistrzostwa Polski - II liga"]
[Site "Sypniewo k. Jastrowia"]
[Date "1899-12-30"]
[Round "8.81"]
[White "Grzesik, Norbert"]
[Black "Kolodziejski, Piotr"]
[Result "1-0"]
[WhiteTitle "I++"]
[BlackTitle "I+"]
[WhiteElo "1945"]
[BlackElo "2048"]

1. e4 c5 2. Nf3 e6 3. d4 cxd4 4. Nxd4 Nc6 5. Be2 Qc7 6. O-O Nf6 7. Nc3 a6 8. Be3
Be7 9. f4 d6 10. Kh1 Nxd4 11. Bxd4 e5 12. Be3 exf4 13. Bxf4 Be6 14. Qd4 Rd8 15.
Rad1 O-O 16. Rd2 Rd7 17. Na4 b5 18. Nb6 Rdd8 19. c4 Nxe4 20. Qxe4 Qxb6 21. Bd3
g6 22. Be3 Qa5 23. cxb5 axb5 24. b4 Qa8 25. Qd4 f5 26. Bxb5 Bf6 27. Qd3 Qe4 28.
Bb6 Qxd3 29. Bxd3 Ra8 30. Ba5 Rfc8 31. Bb5 Be5 32. a4 Bc4 33. Bxc4+ Rxc4 34. Rb1
Kf7 35. Kg1 Ke6 36. h3 g5 37. Kf2 h5 38. Ke2 h4 39. Ra2 Re4+ 40. Kd3 Rc8 41. b5
Rcc4 42. Bd2 Rcd4+ 43. Kc2 Rxa4 44. Rxa4 Rxa4 45. b6 d5 46. b7 Bb8 47. Bxg5 Ra2+
48. Rb2 Rxb2+ 49. Kxb2 Kd7 50. Bxh4 Kc6 51. Bf6 Kxb7 52. h4 Kc6 53. h5 Bf4 54.
Bg7 Kd6 55. h6 Bxh6 56. Bxh6 Ke5 57. Kc2 f4 58. Kd3 Kf5 59. Ke2 Ke4 60. Bf8 d4
61. Bb4 d3+ 62. Kf2 Kd4 63. Bd2 Ke4 64. Bc1 Kf5 65. Kf3 1-0

[Event "Druzynowe Mistrzostwa Polski - II liga"]
[Site "Sypniewo k. Jastrowia"]
[Date "1899-12-30"]
[Round "8.82"]
[White "Komendecki, Jacek"]
[Black "Meller, Piotr"]
[Result "1-0"]
[WhiteTitle "k"]
[BlackTitle "I"]
[WhiteElo "1981"]
[BlackElo "2023"]

1. e4 c5 2. Nf3 g6 3. d4 cxd4 4. Qxd4 Nf6 5. Nc3 Nc6 6. Qa4 Ng4 7. h3 Nge5 8. Nxe5
Nxe5 9. Be3 Bg7 10. Bd4 O-O 11. f4 Nc6 12. Bxg7 Kxg7 13. O-O-O Qb6 14. Nd5 Qc5
15. b4 Qf2 16. b5 Nd8 17. Qd4+ Qxd4 18. Rxd4 e6 19. Nc7 Rb8 20. Ra4 a6 21. b6
f6 22. Be2 Kf7 23. Rd4 Ke7 24. Rhd1 Nf7 25. Bc4 f5 26. e5 Rg8 27. g4 Rf8 28. gxf5
gxf5 29. Bb3 Rg8 30. Ba4 Rd8 31. Rg1 Rh8 32. Rg7 Kf8 33. Rg3 Ke7 34. Rg7 Kf8 35.
Rg1 Ke7 36. c4 d6 37. exd6+ Nxd6 38. Bc2 Nf7 39. c5 Bd7 40. Re1 Nh6 41. Nxe6 Bc8
1-0

[Event "Druzynowe Mistrzostwa Polski - II liga"]
[Site "Sypniewo k. Jastrowia"]
[Date "1899-12-30"]
[Round "8.83"]
[White "Paprocki, Artur"]
[Black "Komendecki, Antoni"]
[Result "1/2-1/2"]
[WhiteTitle "I"]
[BlackTitle "I++"]
[WhiteElo "1842"]
[BlackElo "1845"]

1. c4 Nf6 2. g3 e5 3. Bg2 c6 4. d4 Bb4+ 5. Bd2 Bxd2+ 6. Qxd2 exd4 7. Qxd4 d6 8.
Nf3 O-O 9. O-O Qe7 10. Nc3 Na6 11. Rad1 Be6 12. Qxd6 Qxd6 13. Rxd6 Bxc4 14. Ne5
Be6 15. Rfd1 Nc7 16. R6d2 Rac8 17. b3 Rfe8 18. Nc4 Bxc4 19. bxc4 Ne6 20. Bh3 Rc7
21. f3 g6 22. Bxe6 Rxe6 23. e4 Ree7 24. Kf2 Nd7 25. f4 f6 26. Rd4 Kf7 27. Ke3
Nc5 28. Ne2 Ne6 29. Rd6 Nc5 30. R6d4 Ne6 31. Rd6 Nc5 32. R6d4 Ne6 33. R4d2 Nc5
34. Nc3 Nxe4 35. Nxe4 f5 36. Kf3 Rxe4 37. Rd7+ Rxd7 38. Rxd7+ Re7 39. Rd8 b6 40.
h3 Re4 41. Rd7+ Kg8 42. Rxa7 Rxc4 43. g4 Rc3+ 44. Kg2 fxg4 45. hxg4 h5 46. gxh5
gxh5 47. a4 c5 48. Ra6 Rb3 49. a5 bxa5 50. Rxa5 Rc3 51. Ra7 c4 52. Rc7 h4 53.
Kh2 Rc1 54. Kh3 c3 55. Kg2 Kf8 56. f5 Ke8 57. f6 c2 58. Kh2 h3 59. Rc6 Kf7 60.
Rc4 Kxf6 61. Rc5 Ke6 62. Rc3 Kd6 63. Rc4 Ke5 64. Rc8 Ke4 65. Re8+ Kd3 66. Rd8+
Kc4 67. Rc8+ Kb3 68. Rb8+ Ka4 69. Ra8+ Kb5 70. Rc8 Kb6 71. Rc4 Ka5 72. Rc8 1/2-1/2

[Event "Druzynowe Mistrzostwa Polski - II liga"]
[Site "Sypniewo k. Jastrowia"]
[Date "1899-12-30"]
[Round "8.84"]
[White "Karykowska, Anna"]
[Black "Korosciel, Aneta"]
[Result "1-0"]
[WhiteTitle "k+"]
[BlackTitle "m"]
[WhiteElo "1982"]
[BlackElo "1966"]

1. e4 e5 2. Nf3 Nf6 3. Nc3 Bb4 4. Nxe5 O-O 5. Be2 Re8 6. Nd3 Bxc3 7. dxc3 Nxe4
8. O-O d6 9. Nf4 Nd7 10. c4 Ndf6 11. Bf3 Ng5 12. Be2 Nge4 13. a4 a5 14. Ra3 Bd7
15. Bf3 Nc5 16. b3 Bf5 17. Bb2 Be4 18. Ra1 Ncd7 19. Re1 Bxf3 20. Qxf3 Rb8 21.
Qc3 b6 22. Nd5 Re6 23. Rad1 Ne8 24. Nf4 Rxe1+ 25. Qxe1 Ndf6 26. Qc3 Qd7 27. Re1
Qg4 28. Nd5 h5 29. h3 Qg5 30. Ne7+ Kh8 31. Bc1 Qc5 32. Be3 Qb4 33. Qxb4 axb4 34.
Nc6 Ra8 35. Nxb4 Kg8 36. Nd5 Kf8 37. Bg5 Nh7 38. Bd2 Nhf6 39. Bc3 Nd7 40. Re7
Rd8 41. Re3 Nc5 42. g4 hxg4 43. hxg4 Rd7 44. g5 Ne6 45. f4 c6 46. Nxb6 Rb7 47.
f5 Nxg5 48. a5 f6 49. b4 Nc7 50. Nc8 d5 51. Bd4 Na6 52. cxd5 cxd5 53. Nb6 Rc7
54. c3 Ne4 55. Nxd5 Rd7 56. Nf4 Nd6 57. Rd3 Nxf5 58. b5 Nb8 59. Bc5+ Ke8 60. a6
1-0

[Event "Druzynowe Mistrzostwa Polski - II liga"]
[Site "Sypniewo k. Jastrowia"]
[Date "1899-12-30"]
[Round "8.85"]
[White "Borgula, Rafal"]
[Black "Dziewonski, Dariusz"]
[Result "1/2-1/2"]
[WhiteTitle "FM"]
[BlackTitle "I++"]
[WhiteElo "2223"]
[BlackElo "2015"]

1. d4 d5 2. c4 e6 3. Nc3 Nf6 4. Bg5 Be7 5. e3 O-O 6. cxd5 Nxd5 7. Bxe7 Qxe7 8.
Nxd5 exd5 9. Bd3 Qb4+ 10. Qd2 Qxd2+ 11. Kxd2 Bg4 12. Rc1 c6 13. Ne2 Bxe2 14. Kxe2
Nd7 15. Rc3 f5 16. g3 Nb6 17. h4 h5 18. Rb1 1/2-1/2

[Event "Druzynowe Mistrzostwa Polski - II liga"]
[Site "Sypniewo k. Jastrowia"]
[Date "1899-12-30"]
[Round "8.86"]
[White "Maj, Samuel"]
[Black "Paprocki, Jaroslaw"]
[Result "0-1"]
[WhiteTitle "I"]
[BlackTitle "k++"]
[WhiteElo "1839"]
[BlackElo "2186"]

1. d4 Nf6 2. c4 e6 3. Nf3 a6 4. g3 b5 5. Nbd2 d5 6. cxd5 exd5 7. Bg2 Bd6 8. O-O
O-O 9. Qc2 Re8 10. e3 g6 11. Nb3 Bf5 12. Qe2 b4 13. Bd2 Bd7 14. Rfc1 Ne4 15. Qe1
Nc6 16. a4 bxa3 17. bxa3 Rb8 18. Na5 Nxa5 19. Bxa5 Rb2 20. Nd2 Nf6 21. Qd1 h5
22. Rab1 Rxb1 23. Nxb1 Bg4 24. Qb3 Qb8 25. Bxd5 Nxd5 26. Qxd5 Qb2 27. Qc6 Rb8
28. a4 Bf3 29. Qc4 Qxb1 0-1

[Event "Druzynowe Mistrzostwa Polski - II liga"]
[Site "Sypniewo k. Jastrowia"]
[Date "1899-12-30"]
[Round "8.87"]
[White "Zebracki, Tomasz"]
[Black "Pietrzak, Tomasz"]
[Result "1/2-1/2"]
[WhiteTitle "k+"]
[BlackTitle "I"]
[WhiteElo "2223"]
[BlackElo "1757"]

1. b3 Nf6 2. Bb2 d6 3. c4 e5 4. g3 g6 5. Bg2 Bg7 6. e3 O-O 7. Ne2 Re8 8. O-O Nbd7
9. d4 e4 10. d5 h5 11. Nd2 Nf8 12. Qc2 Bf5 13. Nd4 Qe7 14. Nxf5 gxf5 15. Rae1
N8h7 16. a4 c6 17. dxc6 bxc6 18. h4 d5 19. Bh3 Ng4 20. Bxg7 Kxg7 21. f3 Nh6 22.
fxe4 fxe4 23. Rf4 Rad8 24. cxd5 cxd5 25. Ref1 Qe5 26. Qc5 Re7 27. Qa5 Rd6 28.
Rc1 Nf6 29. Qc5 Nfg4 30. Bxg4 Nxg4 31. Rd1 Rg6 32. Nf1 Rd7 33. b4 Qe6 34. b5 Ne5
35. Kg2 Nd3 36. Qd4+ Kg8 37. Rxd3 exd3 38. Qxd3 Rg4 39. Rf5 Qe4+ 40. Qxe4 Rxe4
41. a5 Rb4 42. b6 axb6 43. axb6 Rxb6 44. Rxh5 Rdd6 45. Rg5+ Kh7 46. Rh5+ Kg7 47.
Rg5+ Kh7 48. Rh5+ Kg7 1/2-1/2

[Event "Druzynowe Mistrzostwa Polski - II liga"]
[Site "Sypniewo k. Jastrowia"]
[Date "1899-12-30"]
[Round "8.88"]
[White "Piwowarczyk, Bartlomiej"]
[Black "Wolanski, Michal"]
[Result "1/2-1/2"]
[WhiteTitle "I++"]
[BlackTitle "I++"]
[WhiteElo "1884"]
[BlackElo "2029"]

1. Nf3 c5 2. d3 g6 3. e4 Bg7 4. g3 Nc6 5. Bg2 d6 6. Nbd2 Rb8 7. O-O e6 8. Re1 Nge7
9. c3 O-O 10. Nf1 b5 11. h4 b4 12. Qc2 Qa5 13. Bd2 Ba6 14. c4 Qc7 15. g4 Nd4 16.
Nxd4 Bxd4 17. Bh6 Bg7 18. Qd2 Nc6 19. Nh2 Nd4 20. Bxg7 Kxg7 21. Nf3 Nxf3+ 22.
Bxf3 Qe7 23. Kg2 e5 24. Rh1 Bc8 25. h5 Be6 26. Rh2 g5 27. Bd1 Qf6 28. Qe3 Qf4
29. Qxf4 exf4 30. f3 Kf6 31. Kf2 Ke5 32. Ke2 Bd7 33. Kd2 Rb6 34. Kc1 Ra6 35. b3
Ra3 36. Rb2 Ra8 37. Kd2 a5 38. Bc2 a4 39. Re1 axb3 40. axb3 Ra2 41. Rxa2 Rxa2
42. Rb1 Bc6 43. Re1 Kd4 44. Rc1 Ba4 45. Rb1 Bd7 46. Re1 Bc6 47. Rc1 f6 48. Re1
Ke5 49. Rc1 Bd7 50. Rg1 Ra3 51. Rf1 Ra2 52. Rb1 Kd4 1/2-1/2

[Event "Druzynowe Mistrzostwa Polski - II liga"]
[Site "Sypniewo k. Jastrowia"]
[Date "1899-12-30"]
[Round "8.89"]
[White "Przybylski, Bartosz"]
[Black "Soliwoda, Zygmunt"]
[Result "0-1"]
[WhiteTitle "I"]
[BlackTitle "II+"]
[WhiteElo "1667"]
[BlackElo "1593"]

1. b3 d5 2. Bb2 c5 3. e3 Nc6 4. Nf3 Nf6 5. d4 Bg4 6. Be2 e6 7. Nbd2 Rc8 8. O-O
cxd4 9. exd4 Bd6 10. Ne5 Bxe2 11. Qxe2 O-O 12. f4 Qb6 13. c3 Rc7 14. Rf3 Rfc8
15. Raf1 Nxd4 16. cxd4 Rc2 17. Ba1 Ne4 18. Rd3 Bb4 19. Qh5 g6 20. Nxe4 dxe4 21.
Rg3 Rxa2 22. Qd1 Rcc2 23. Nc4 Qd8 24. Ne3 Rd2 25. Qb1 Re2 26. f5 Bd6 27. fxg6
Bxg3 28. gxh7+ Kh8 29. d5+ e5 30. hxg3 Qg5 31. Qxe4 Qxe3+ 32. Qxe3 Rxg2+ 33. Kh1
Rh2+ 34. Kg1 Rag2# 0-1

[Event "Druzynowe Mistrzostwa Polski - II liga"]
[Site "Sypniewo k. Jastrowia"]
[Date "1899-12-30"]
[Round "8.90"]
[White "Uliasz, Katarzyna"]
[Black "Paprocka, Renata"]
[Result "0-1"]
[WhiteTitle "I++"]
[BlackTitle "WFM"]
[WhiteElo "1569"]
[BlackElo "1914"]

1. Nf3 d5 2. g3 Nf6 3. Bg2 Bf5 4. d3 h6 5. c4 c6 6. Qb3 Qc8 7. O-O e6 8. Nc3 Be7
9. Bd2 O-O 10. Rac1 Nbd7 11. d4 Nb6 12. cxd5 exd5 13. Ne5 Bd6 14. Rfe1 Qe6 15.
e4 dxe4 16. Nxe4 Nxe4 17. Bxe4 Qxb3 18. axb3 Bxe4 19. Rxe4 Nd5 20. Bc3 Rfe8 21.
Ree1 Re7 22. Nd3 Rae8 23. Kf1 Kf8 24. Rxe7 Rxe7 25. Re1 f6 26. Rxe7 Kxe7 27. Ke2
Ke6 28. Bd2 h5 29. Nc5+ Bxc5 30. dxc5 Ke5 31. Kd3 g5 32. f3 Kf5 33. Kd4 Nc7 34.
Kd3 Ne6 35. b4 Nc7 36. Bc3 Nb5 37. Ke3 Nc7 38. Kd3 Nd5 39. Kd4 a6 40. Kd3 Ne7
41. Ke3 Ng6 42. Kd3 Ne7 43. Ke3 Nd5+ 44. Kd4 h4 45. Kd3 h3 46. Kd4 g4 47. f4 Nxf4
48. Be1 Ne2+ 49. Kd3 Ng1 50. Ke3 Nf3 51. Bc3 Nxh2 52. Kf2 Nf3 53. b3 Ke6 54. Bb2
f5 55. Bc1 Kd5 56. Be3 Ke4 57. Bf4 Kd3 58. Bc7 Kc2 59. Ba5 Kxb3 60. Kf1 Ne5 61.
Kf2 Nd3+ 62. Kf1 Nxb4 63. Kf2 Nd3+ 64. Kf1 Nxc5 65. Bb6 Ne4 66. Bg1 c5 67. Ke2
c4 68. Ke3 Nxg3 69. Kf2 Ne4+ 70. Ke3 c3 71. Kf4 c2 72. Be3 h2 73. Kxf5 h1=Q 74.
Kxg4 c1=Q 75. Bxc1 Qxc1 76. Kf5 Nd6+ 77. Ke6 Nf7 78. Kd5 Qf4 79. Kc5 Qc4+ 0-1

[Event "Druzynowe Mistrzostwa Polski - II liga"]
[Site "Sypniewo k. Jastrowia"]
[Date "1899-12-30"]
[Round "8.91"]
[White "Nadstoga, Wojciech"]
[Black "Gierulski, Kamil"]
[Result "0-1"]
[WhiteTitle "I++"]
[BlackTitle "k++"]
[WhiteElo "1941"]
[BlackElo "2270"]

1. Nf3 d5 2. g3 g6 3. Bg2 Bg7 4. O-O e5 5. d3 Ne7 6. e4 O-O 7. c4 d4 8. b4 c5 9.
bxc5 Na6 10. Ba3 Nc6 11. Ne1 Qe7 12. Nd2 Bd7 13. Nc2 Nxc5 14. Nb3 b6 15. Qd2 Rfb8
16. Nb4 Nxb4 17. Bxb4 Nxb3 18. axb3 Qe6 19. Qc2 a5 20. Bd2 Bf8 21. f4 f6 22. f5
Qc6 23. h4 b5 24. g4 bxc4 25. bxc4 a4 26. g5 Be7 27. Rf3 a3 28. Rg3 Rb2 29. Qc1
Rab8 30. gxf6 Bxf6 31. c5 Kh8 32. Qc4 Rxd2 33. Rxa3 Bg7 34. h5 Qf6 35. Ra7 Qh4
36. f6 0-1

[Event "Druzynowe Mistrzostwa Polski - II liga"]
[Site "Sypniewo k. Jastrowia"]
[Date "1899-12-30"]
[Round "8.92"]
[White "Miasik, Adrian"]
[Black "Mierzynski, Jaroslaw"]
[Result "1/2-1/2"]
[WhiteTitle "I++"]
[BlackTitle "I+"]
[WhiteElo "1948"]
[BlackElo "1922"]

1. d4 d5 2. Nf3 Bf5 3. g3 e6 4. Bg2 Nf6 5. O-O Be7 6. c4 c6 7. Qb3 Qb6 8. c5 Qxb3
9. axb3 Nbd7 10. b4 Bxb1 11. Rxb1 O-O 12. Ra1 a6 13. h3 h6 14. Kh2 Rfc8 15. Ra3
Ne8 16. Ne5 Nf8 17. e4 Nc7 18. exd5 Nxd5 19. Bxd5 exd5 20. Be3 Re8 1/2-1/2

[Event "Druzynowe Mistrzostwa Polski - II liga"]
[Site "Sypniewo k. Jastrowia"]
[Date "1899-12-30"]
[Round "8.93"]
[White "Kowalewicz, Kacper"]
[Black "Babiarz, Arkadiusz"]
[Result "0-1"]
[WhiteTitle "I+"]
[BlackTitle "I++"]
[WhiteElo "1831"]
[BlackElo "2000"]

1. d4 d5 2. Nf3 Nf6 3. Bf4 c5 4. e3 Nc6 5. c3 e6 6. Nbd2 Bd6 7. dxc5 Bxc5 8. Qb3
O-O 9. Be2 Bd6 10. Bxd6 Qxd6 11. O-O e5 12. Rfd1 Qe7 13. h3 h6 14. Qa4 Bd7 15.
Qh4 Rad8 16. a3 Rfe8 17. Bf1 Be6 18. Rac1 Rd6 19. Bb5 Bc8 20. c4 e4 21. c5 Re6
22. Nd4 Nxd4 23. exd4 g5 24. Qg3 e3 25. fxe3 Rxe3 26. Qf2 Bd7 27. Bxd7 Nxd7 28.
Qf5 Re2 29. Nf1 Nf6 30. b4 Nh5 31. Rd3 Nf4 32. Rg3 Re4 33. Rc2 Ne2+ 34. Rxe2 Rxe2
35. Qxd5 Rd8 36. Qc4 Re4 37. Rd3 Qf6 38. Rf3 Qxd4+ 39. Qxd4 Rexd4 40. Ne3 Rf4
41. Rxf4 gxf4 42. Nf5 Rd3 43. a4 Ra3 44. a5 Rb3 45. c6 bxc6 46. Ne7+ Kg7 47. Nxc6
a6 48. b5 Rxb5 0-1

[Event "Druzynowe Mistrzostwa Polski - II liga"]
[Site "Sypniewo k. Jastrowia"]
[Date "1899-12-30"]
[Round "8.94"]
[White "Ciasnocha, Michal"]
[Black "Wawrzyniak, Pawel"]
[Result "0-1"]
[WhiteTitle "I++"]
[BlackTitle "I"]
[WhiteElo "1893"]
[BlackElo "1764"]

1. d4 Nf6 2. Nf3 e6 3. c4 d5 4. Nc3 c6 5. e3 Nbd7 6. Bd3 dxc4 7. Bxc4 b5 8. Bd3
Bb7 9. O-O a6 10. e4 c5 11. e5 cxd4 12. Nxb5 Ng4 13. Bg5 Qb6 14. Nbxd4 Ngxe5 15.
Nxe5 Qxd4 16. Bg6 Qxe5 17. Bxf7+ Kxf7 18. Qxd7+ Kg6 19. Qxb7 Rb8 20. Rae1 Rxb7
21. Rxe5 Rxb2 22. a4 Ra2 23. Bc1 Rxa4 24. Rxe6+ Kf7 25. Rfe1 Bb4 26. R6e4 Bxe1
27. Rxa4 a5 28. Kf1 Bb4 29. Ba3 Rb8 30. Bxb4 axb4 31. Ra2 Ke6 32. Ke2 Kd5 33.
Kd3 Kc5 34. h4 Rd8+ 35. Kc2 Rd7 36. Rb2 Kc4 37. g3 Re7 38. Kd2 b3 39. Rb1 Rd7+
40. Kc1 Kc3 41. h5 Re7 42. Kd1 b2 0-1